01085nac a22002771u 4500010001300000020002800013020003500041020001700076082002200093090001500115100003400130245011200164260006600276300002600342500002600368504005100394511002500445650004200470650004300512650003700555700002100592700002900613942002400642999001500666952012600681 a88020018 a081562445X (alk. paper) a0815624492 (pbk. : alk. paper) a9774242114 :00a306.09174927bARA c9117d9117 a20080729 00aArab women in the field : studying your own society /cedited by Soraya Altorki and Camillia Fawzi El-Solh. aEgypt :bThe American University in Cairo Press,1989.cc1989. axii, 184 p. ;c23 cm. aDistributer: Al-Ahram aIncludes bibliographical references and index. a Catalogued by: Sara 0aEthnologyxFieldworkzArab countries. 0aWomen anthropologistszArab countries. 0aWomenxResearchzArab countries.1 aAltorki, Soraya.1 aEl-Solh, Camillia Fawzi. cBBk306.09174927ARA c9117d9117 00104070aMAINbMAINc1STd2015-04-08ePurchasel9m21o306.09174927ARAp000011160r2025-07-15 00:00:00s2019-12-09yBB